| 000 -LEADER |
| fixed length control field |
00541nam a22001817a 4500 |
| 008 - FIXED-LENGTH DATA ELEMENTS--GENERAL INFORMATION |
| fixed length control field |
150609b xxu||||| |||| 00| 0 eng d |
| 041 0# - LANGUAGE CODE |
| Language code of text/sound track or separate title |
eng |
| 080 ## - UNIVERSAL DECIMAL CLASSIFICATION NUMBER |
| Universal Decimal Classification number |
355.49 |
| 245 00 - TITLE STATEMENT |
| Title |
The rivermen / |
| Statement of responsibility, etc |
by the editors of Time-Life Books ; with text by Paul O'Neil. |
| 260 ## - |
| -- |
New York : |
| -- |
Time-Life Books, |
| -- |
c1975. |
| 300 ## - |
| -- |
240 f. : |
| -- |
me il. ; |
| -- |
28 cm. |
| 490 ## - |
| -- |
The Old west |
| 505 ## - |
| -- |
Index : f. 238-240 |
| 650 #0 - |
| -- |
River boats |
| -- |
History. |
| -- |
United States |
| 650 #0 - |
| -- |
Varkat e lumit |
| 700 1# - |
| -- |
O'Neil, Paul, |
| 942 ## - ADDED ENTRY ELEMENTS (KOHA) |
| Source of classification or shelving scheme |
|
| Item type |
Books |